00568nam a22001817a 450000500170000001000150001702000260003203500140005803700090007208200110008110000210009224500490011325000060016226000440016827000700021230000310028250000730031320250213115356.0 aENG-143792 c260.00a9788198126122 aEN-127324 bDBAD a230.35 aGhooi, Charanjit aHuman Values and Health/cby Charanjit Ghooi a1 aA.PbSri Sathya sai Sadhana Trustc2024 bA.P aPrasanthi Nilayam, Puttaparthi e515134k011-287375l287236 a356p.c22cm(pb)bCol. ill. aChurned out of the Divine Discourses of Bhagawan Sri Sathya Sai Baba